LIBRARY & INFORMATION CENTRE, KCAET, TAVANUR

ONLINE PUBLIC ACCESS CATALOGUE (OPAC)

On ecnomics theory and socialism / (Record no. 11275)

MARC details
000 -LEADER
fixed length control field 00370cam a2200145ua 4500
041 ## - LANGUAGE CODE
Language code of text/sound track or separate title eng
082 ## - DEWEY DECIMAL CLASSIFICATION NUMBER
Classification number 335
Item number DOB/ON
100 ## - MAIN ENTRY--AUTHOR NAME
Personal name Dobb, Maccrice .
245 ## - TITLE STATEMENT
Title On ecnomics theory and socialism /
260 ## - PUBLICATION, DISTRIBUTION, ETC. (IMPRINT)
Place of publication London :
Name of publisher rOUTEDGE &Keyan paul Ltd ,
Year of publication 1965.
300 ## - PHYSICAL DESCRIPTION
Number of Pages 293 ; .

No items available.

free website counter